00589nam a2200169 i 4500001000300000100002800003245008600031260004800117300002600165500003100191504003400222040000800256041000800264080000800272008004100280856009800321bg1 aGOLANKIEWICZ, Krzysztof 0aChemia i przemiany fotochemiczne pochodnych pirymidyny /cKrzysztof Golankiewicz. aWarszawa :bPaństw. Wydawn. Nauk.,c1977. as. 73, nlb. 3 :brys. a[Streszcz. w jęz. ang.]. a[Zawiera bibliogr. s. 68-74]. cBPK apol a547 s pl f |000 0 pol  uhttp://koha.tu.koszalin.pl/cgi-bin/koha/opac-detail.pl?biblionumber=17478yKatalog online BPK